Success Mantra (Record no. 210631)

MARC details
000 -LEADER
fixed length control field 00584nam a22002057a 4500
005 - DATE AND TIME OF LATEST TRANSACTION
control field 20250402105320.0
010 ## - LCCN (DPL NO)
LC control number ENG-144350
020 ## - INTERNATIONAL STANDARD BOOK NUMBER
International Standard Book Number 9789381382165
Terms of availability 400.00p
035 ## - SYSTEM CONTROL NUMBER
System control number EN-127882
037 ## - SOURCE OF ACQUISITION
Source of stock number/acquisition DBAD
082 ## - DEWEY DECIMAL CLASSIFICATION NUMBER
Classification number 158.1
Edition number 1st
100 ## - MAIN ENTRY--PERSONAL NAME
Personal name Singh Joginder
245 ## - TITLE STATEMENT
Title Success Mantra
Statement of responsibility, etc Joginder Singh
Medium English
250 ## - EDITION STATEMENT
Edition statement 1st
260 ## - PUBLICATION, DISTRIBUTION, ETC. (IMPRINT)
Place of publication, distribution, etc U.P.
Name of publisher, distributor, etc Amrit Books
Date of publication, distribution, etc 2011
270 ## - ADDRESS
Address Plot No. 231, Sector-15A
City Nodia,(U.P.)
Postal code 201301
300 ## - PHYSICAL DESCRIPTION
Extent 238.p
Dimensions 22cm. (Hb)
700 ## - ADDED ENTRY--PERSONAL NAME
Personal name Joginder Singh
9 (RLIN) 80043
942 ## - ADDED ENTRY ELEMENTS (KOHA)
Source of classification or shelving scheme Dewey Decimal Classification
Item type English Books
Classification part 158.1
Call number suffix SIN
Edition 1st
Holdings
Withdrawn status Lost status Not for loan Collection code Home library Current library Date acquired Cost, normal purchase price Full call number Barcode Cost, replacement price Koha item type
      Non-fiction Central Jail Tihar Central Jail Tihar 02/04/2025 400.00 158.1 SIN EN-127882 400.00 English Books

© Delhi Public Library
Hit Counter
free hit counter